000 00692 a2200217 4500
010 _aENG-89210
020 _a9788120334113
_c450.00
035 _aEN-72743
037 _bDBAD / PUB
082 1 4 _a621.382
090 _c10554
_d10554
100 1 _aCouch, Leon W.
245 1 _aDigital and analog communication systems /
_cby Leon W. Couch
250 _a7th ed
260 _aNew Delhi
_bPrentice Hall of India
_c2008
270 _aM-97, Connaught Circus
_bDelhi
_e110033
300 _axxvii, 752p.
_c24cm ( Pbk.)
500 _aIncludes index
942 _adpl
_cEN
_k621.382 / COU
999 _c10274
_d10274